Automodelle (1) - Statistiken

Allgemein
  • Dieses Quiz wurde 103 mal gespielt
  • Das Durchschnittsergebnis liegt bei 8 aus 20
Antwortstatistiken
Bildquiz Antwort % Korrekt
Fiat 500
95%
Porsche 911 T-Hybrid
93%
VW Golf
90%
Ford Fiesta
81%
Lamborghini Urus
67%
BMW M4 Competition
64%
Renault Clio
55%
Ford Mustang GTD
45%
Suzuki Swift
44%
Seat Leon
40%
Cupra Formentor
29%
Škoda Citigo
26%
Peugeot 208
24%
Toyota Corolla Hybrid
24%
Kia Sportage
19%
Mazda CX-60
12%
VW Tayron
12%
Mitsubishi ASX
3%
Citroën Nemo
2%
Renault Austral
2%
Keine übereinstimmenden Quizze gefunden
Verteilung der Resultate
Anzahl Personen mit jedem Resultat
Perzentil nach korrekt beantworteten Fragen
Ihre Resultats-Entwicklung
Sie haben dieses Quiz noch nicht gespielt